[Event "Hradec Kralove"]
[Site "Hradec Kralove"]
[Date "1981.??.??"]
[Round "4"]
[White "Meduna, Eduard"]
[Black "Pribyl, Josef"]
[Result "1/2-1/2"]
[WhiteElo "2485"]
[BlackElo "2440"]
[PlyCount "29"]
[EventDate "1981.10.??"]
[Source "ChessBase"]

1. d4 Nf6 2. c4 g6 3. Nc3 d5 4. Nf3 Bg7 5. Qb3 dxc4 6. Qxc4 O-O 7. e4 Bg4 8. Be3 Nfd7 9. Qb3 Nb6 10. Rd1 Nc6 11. d5 Ne5 12. Be2 Nxf3+ 13. gxf3 Bh5 14. Rg1 f5 15. Nb5 1/2-1/2

[Event "Schweiz"]
[Site "?"]
[Date "1990.??.??"]
[Round "?"]
[White "Wirthensohn, H."]
[Black "Kouatly, B."]
[Result "0-1"]
[WhiteElo "2430"]
[BlackElo "2495"]
[PlyCount "62"]
[EventDate "1990.??.??"]
[Source "ChessBase"]
[SourceDate "1990.07.01"]

1. Nf3 Nf6 2. c4 g6 3. Nc3 d5 4. cxd5 Nxd5 5. Qa4+ Bd7 6. Qb3 Nb6 7. d4 Bg7 8. e4 O-O 9. Be3 a5 10. Be2 a4 11. Qc2 Bg4 12. Rd1 a3 13. b3 Nc6 14. d5 Nb4 15. Qd2 c6 16. Bc5 Bxc3 17. Qxc3 Nxa2 18. Qd2 Nd7 19. Be3 Qa5 20. Qxa5 Rxa5 21. Bd2 Rc5 22. Ra1 Bxf3 23. gxf3 Rc2 24. Bd3 Rb2 25. Bb1 Ne5 26. Bh6 Nc3 27. Bxf8 Kxf8 28. O-O Nxf3+ 29. Kg2 Nd2 30. dxc6 bxc6 31. Rc1 Ndxb1 0-1

[Event "Peer Gynt"]
[Site "Gausdal NOR"]
[Date "1992.??.??"]
[Round "1"]
[White "Budnikov, Alexandar"]
[Black "Rowley, Robert"]
[Result "1-0"]
[WhiteElo "2540"]
[BlackElo "2380"]
[PlyCount "61"]
[EventDate "1992.07.??"]
[Source "www.chesslib.no"]
[SourceDate "2004.05.04"]

1. d4 Nf6 2. c4 g6 3. Nc3 d5 4. Nf3 Bg7 5. Qb3 dxc4 6. Qxc4 O-O 7. e4 Nfd7 8. Be3 Nc6 9. Rd1 Nb6 10. Qb3 Bg4 11. d5 Ne5 12. Be2 Nxf3+ 13. gxf3 Bh5 14. f4 Bxe2 15. Nxe2 Qd7 16. Bd4 Rfd8 17. Bxg7 Kxg7 18. Qc3+ Kg8 19. h4 c6 20. h5 cxd5 21. hxg6 fxg6 22. f5 Rac8 23. Qg3 Rc6 24. Rh6 Qd6 25. e5 Qb4+ 26. Kf1 Qe4 27. Nd4 Nc4 28. Rh4 Qxe5 29. Nxc6 bxc6 30. Rxc4 Rf8 31. Qxe5 1-0

[Event "JUG-ch"]
[Site "JUG"]
[Date "1989.??.??"]
[Round "?"]
[White "Kozul, Zdenko"]
[Black "Ilincic, Zlatko"]
[Result "1-0"]
[WhiteElo "2490"]
[BlackElo "2430"]
[PlyCount "89"]
[EventDate "1989.02.??"]
[Source "ChessBase"]

1. d4 Nf6 2. Nf3 g6 3. c4 Bg7 4. Nc3 d5 5. Qb3 dxc4 6. Qxc4 O-O 7. e4 Bg4 8. Be3 Nfd7 9. Rd1 Nb6 10. Qb3 e6 11. Be2 Nc6 12. Ng1 Bxe2 13. Ngxe2 Na5 14. Qc2 Nac4 15. Bc1 Qd7 16. O-O Qc6 17. a4 Nd6 18. b3 f5 19. d5 exd5 20. exd5 Qe8 21. Nd4 Rf7 22. Ne6 Bf6 23. Ba3 a6 24. Rfe1 Re7 25. Kf1 Qf7 26. a5 Nbc8 27. Na4 Na7 28. Bxd6 cxd6 29. Nb6 Rae8 30. Qd2 Nb5 31. Rc1 Kh8 32. g3 Be5 33. Rc4 Na3 34. Rc8 Rxc8 35. Nxc8 Re8 36. f4 Rxc8 37. fxe5 dxe5 38. Rc1 Rxc1+ 39. Qxc1 Nb5 40. Qc8+ Qg8 41. Qxb7 f4 42. Qe7 h5 43. g4 Nd4 44. Qf6+ Kh7 45. Nf8+ 1-0

[Event "Chigorin mem"]
[Site "St Petersburg"]
[Date "1999.11.08"]
[Round "7"]
[White "Shalimov, Valery"]
[Black "Smikovski, Ivan"]
[Result "1-0"]
[WhiteElo "2423"]
[BlackElo "2494"]
[PlyCount "79"]
[EventDate "1999.11.02"]
[Source "ChessBase"]
[SourceDate "2000.02.01"]

1. d4 Nf6 2. Nf3 g6 3. c4 Bg7 4. Nc3 d5 5. Qb3 dxc4 6. Qxc4 O-O 7. e4 Bg4 8. Be3 Nfd7 9. Qb3 Nb6 10. a4 a5 11. Rd1 Nc6 12. d5 Nb4 13. Be2 Qc8 14. O-O c5 15. Rc1 Nd7 16. Nb5 b6 17. h3 Bxf3 18. Bxf3 Qb8 19. Na3 Bd4 20. Rfe1 Ne5 21. Be2 g5 22. Bxg5 Nbd3 23. Rf1 Nxc1 24. Bxc1 Ng6 25. Nc4 Kh8 26. Kh1 Nf4 27. Bg4 Rg8 28. g3 Ng6 29. f4 b5 30. Qxb5 Qf8 31. Qb3 Rb8 32. Qd3 Qg7 33. b3 Bc3 34. e5 Bd4 35. Nxa5 Nxe5 36. fxe5 Qxe5 37. Qf3 f5 38. Bf4 Qg7 39. Bxf5 Rbf8 40. Be6 1-0

[Event "NED-ch"]
[Site "NED"]
[Date "1991.??.??"]
[Round "2"]
[White "Van der Sterren, Paul"]
[Black "De Boer, Gert Jan"]
[Result "1/2-1/2"]
[WhiteElo "2485"]
[BlackElo "2430"]
[PlyCount "61"]
[EventDate "1991.06.??"]
[Source "ChessBase"]

1. d4 Nf6 2. c4 g6 3. Nc3 d5 4. Nf3 Bg7 5. Qb3 dxc4 6. Qxc4 O-O 7. e4 Bg4 8. Be3 Nfd7 9. Qb3 Nb6 10. Rd1 Bxf3 11. gxf3 e6 12. Bg2 Nc6 13. d5 exd5 14. Nxd5 Nxd5 15. Rxd5 Qf6 16. f4 Nd8 17. e5 Qf5 18. Qd3 Qg4 19. O-O Ne6 20. h3 Qh4 21. f5 Nf4 22. Bxf4 Qxf4 23. f6 Bh6 24. Qc3 c6 25. Rd7 Rae8 26. Re1 Qf5 27. Rxb7 Bf4 28. Qa3 Bxe5 29. Re7 Rxe7 30. fxe7 Re8 31. Qxa7 1/2-1/2

[Event "Munich zt"]
[Site "Munich"]
[Date "1987.??.??"]
[Round "?"]
[White "Hertneck, Gerald"]
[Black "Birnboim, Nathan"]
[Result "1/2-1/2"]
[WhiteElo "2450"]
[BlackElo "2465"]
[PlyCount "95"]
[EventDate "1987.01.??"]
[Source "ChessBase"]

1. Nf3 Nf6 2. c4 g6 3. Nc3 d5 4. d4 Bg7 5. Qb3 dxc4 6. Qxc4 O-O 7. e4 Bg4 8. Be3 Nfd7 9. Rd1 Nb6 10. Qb3 e6 11. Be2 Nc6 12. e5 Ne7 13. h3 Bxf3 14. Bxf3 Nf5 15. O-O Qe7 16. Bxb7 Rab8 17. Be4 Nxe3 18. fxe3 Qg5 19. Rf3 Nd5 20. Qc2 Nxe3 21. Qd2 Bh6 22. h4 Qxh4 23. Rxe3 Rxb2 24. Qe1 Bxe3+ 25. Qxe3 f5 26. exf6 Rxf6 27. Bf3 g5 28. Qe1 Qf4 29. Qe4 Rd2 30. Qxf4 Rxd1+ 31. Bxd1 Rxf4 32. Nb5 c6 33. Nxa7 Rxd4 34. Bb3 c5 35. Bxe6+ Kg7 36. Nb5 Rb4 37. Nc3 Kf6 38. Bg8 Ke5 39. Kf2 h5 40. Ke3 h4 41. Bd5 g4 42. a4 h3 43. gxh3 gxh3 44. a5 Rg4 45. a6 Rg7 46. Bb7 h2 47. Nb5 Rxb7 48. axb7 1/2-1/2

[Event "chT"]
[Site "chT"]
[Date "1981.??.??"]
[Round "?"]
[White "Lputian, Smbat G"]
[Black "Dvoirys, Semen I"]
[Result "1/2-1/2"]
[WhiteElo "2465"]
[BlackElo "2450"]
[PlyCount "82"]
[EventDate "1981.??.??"]
[Source "www.chesslib.no"]
[SourceDate "2004.05.04"]

1. d4 Nf6 2. c4 g6 3. Nc3 d5 4. Nf3 Bg7 5. Qb3 dxc4 6. Qxc4 O-O 7. e4 Bg4 8. Be3 Nfd7 9. Qb3 Nb6 10. Rd1 Nc6 11. d5 Ne5 12. Be2 Nxf3+ 13. gxf3 Bh5 14. Rg1 Qc8 15. Rg3 Kh8 16. Nb5 f5 17. Bd4 fxe4 18. Bxg7+ Kxg7 19. fxe4 Bxe2 20. Kxe2 c6 21. dxc6 Qxc6 22. Qc3+ Rf6 23. Qxc6 bxc6 24. Nd4 Rc8 25. Rf3 c5 26. Rxf6 Kxf6 27. Nb3 c4 28. Nd2 Ke5 29. Ke3 Ke6 30. Rc1 Rb8 31. f4 Rb7 32. h4 Na4 33. Nxc4 Nxb2 34. Ne5 Kf6 35. h5 gxh5 36. Rh1 Rb4 37. Nc6 Ra4 38. Rxh5 Nd1+ 39. Kd2 Nf2 40. e5+ Kg6 41. Rg5+ Kf7 1/2-1/2

[Event "RFFSR Ch"]
[Site "Novosibirsk RUS"]
[Date "1976.??.??"]
[Round "?"]
[White "Anikaev, Yuri N"]
[Black "Zilberstein, Valery I"]
[Result "1-0"]
[WhiteElo "2435"]
[BlackElo "2470"]
[PlyCount "117"]
[EventDate "1976.??.??"]
[Source "www.chesslib.no"]
[SourceDate "2004.05.04"]

1. d4 Nf6 2. c4 g6 3. Nc3 d5 4. Nf3 Bg7 5. Qb3 dxc4 6. Qxc4 O-O 7. e4 Bg4 8. Be3 Nfd7 9. Rd1 Nb6 10. Qb3 Nc6 11. d5 Ne5 12. Be2 Qc8 13. Nxe5 Bxe2 14. Nxe2 Bxe5 15. Bd4 Bxd4 16. Nxd4 Qg4 17. Qf3 Qxf3 18. gxf3 e6 19. dxe6 fxe6 20. Nxe6 Rxf3 21. Ke2 Rf7 22. f3 c6 23. h4 h6 24. Rhg1 Kh7 25. Rg4 Nc4 26. Rf4 Re7 27. b3 Ne5 28. Nc5 h5 29. Rf6 Rae8 30. Rfd6 Kh6 31. Rd8 Rxd8 32. Rxd8 Rf7 33. Ne6 b6 34. Rh8+ Rh7 35. Rxh7+ Kxh7 36. f4 Ng4 37. Nd8 c5 38. Nc6 a5 39. a4 Kg7 40. Ne7 Nf6 41. Kd3 Kf7 42. Nc8 Nd7 43. Nd6+ Ke6 44. Nc4 Kf6 45. Ne3 Ke6 46. Nd5 Kd6 47. Kc4 Nf8 48. Kb5 Ne6 49. Kxb6 Nd4 50. Kxa5 Nxb3+ 51. Kb6 Nd2 52. a5 Nc4+ 53. Kb5 Na3+ 54. Kb6 Nc4+ 55. Kb5 Na3+ 56. Ka4 Nb1 57. a6 Kc6 58. f5 gxf5 59. exf5 1-0

[Event "41th ch-IND"]
[Site "Calcuta "]
[Date "2003.12.08"]
[Round "8"]
[White "Kunte, Abhijit"]
[Black "Sareen, Vishal"]
[Result "1-0"]
[WhiteElo "2535"]
[BlackElo "2367"]
[PlyCount "57"]
[EventDate "2003.12.04"]
[Source "Roberto Alvarez"]
[SourceDate "2003.12.22"]

1. Nf3 Nf6 2. c4 g6 3. Nc3 d5 4. cxd5 Nxd5 5. Qa4+ Bd7 6. Qb3 Nb6 7. d4 Bg7 8. e4 O-O 9. Be3 Bg4 10. Rd1 Nc6 11. d5 Ne5 12. Be2 Nxf3+ 13. gxf3 Bh3 14. Rg1 Qc8 15. a4 c6 16. Rg3 cxd5 17. a5 d4 18. Bxd4 Be6 19. Qb4 Nc4 20. Bxg7 Kxg7 21. f4 f5 22. Qxe7+ Rf7 23. Qb4 Qc7 24. Bxc4 Bxc4 25. b3 Ba6 26. Nd5 Qc2 27. Qd4+ Kg8 28. Re3 fxe4 29. Rxe4 1-0

[Event "URS-ch sf"]
[Site "Daugavpils"]
[Date "1978.??.??"]
[Round "?"]
[White "Kozlov, V."]
[Black "Averkin, Orest N"]
[Result "1/2-1/2"]
[WhiteElo "2445"]
[BlackElo "2455"]
[PlyCount "60"]
[EventDate "1978.06.??"]
[Source "ChessBase"]

1. d4 Nf6 2. c4 g6 3. Nc3 d5 4. Nf3 Bg7 5. Qb3 dxc4 6. Qxc4 O-O 7. e4 Bg4 8. Be3 Nfd7 9. Qb3 Nb6 10. Rd1 Nc6 11. d5 Ne5 12. Be2 Qc8 13. Nxe5 Bxe2 14. Nxe2 Bxe5 15. Bd4 Bxd4 16. Nxd4 Qg4 17. Qf3 Qxf3 18. gxf3 Rfd8 19. b3 Rd7 20. Ke2 Rad8 21. Nb5 a6 22. Nc3 e6 23. dxe6 fxe6 24. Rxd7 Rxd7 25. f4 c5 26. Rd1 Rxd1 27. Nxd1 Nd7 28. Ne3 b5 29. f5 exf5 30. exf5 Kf7 1/2-1/2

[Event "Tashkent Hodzhaev Memorial"]
[Site "Tashkent UZB"]
[Date "1987.??.??"]
[Round "?"]
[White "Timoscenko, Genadij A"]
[Black "Epishin, Vladimir V"]
[Result "1/2-1/2"]
[WhiteElo "2495"]
[BlackElo "2400"]
[PlyCount "154"]
[EventDate "1987.??.??"]
[Source "www.chesslib.no"]
[SourceDate "2004.05.04"]

1. d4 Nf6 2. c4 g6 3. Nc3 d5 4. Nf3 Bg7 5. Qb3 dxc4 6. Qxc4 O-O 7. e4 Bg4 8. Be3 Nfd7 9. Rd1 Nb6 10. Qb3 e6 11. Be2 Nc6 12. Ng1 Bxe2 13. Ngxe2 Qe7 14. O-O Na5 15. Qb5 Nac4 16. Bg5 Qd7 17. Qb3 f5 18. Qc2 Nd6 19. Bf4 Nf7 20. exf5 exf5 21. d5 c6 22. dxc6 Qxc6 23. Qb3 Rad8 24. Be3 Qc4 25. Qxc4 Nxc4 26. Bxa7 Nxb2 27. Rb1 Rd2 28. Be3 Rc2 29. Rfc1 Rxc1+ 30. Bxc1 Nd3 31. Be3 f4 32. Bd4 Bxd4 33. Nxd4 Rc8 34. Nce2 Nd6 35. Rd1 Nb2 36. Rd2 Nbc4 37. Rc2 Re8 38. h4 b5 39. Nxf4 Re4 40. Nde2 Nf5 41. g3 Kf7 42. Kh2 Re7 43. Kh3 Rd7 44. g4 Ne7 45. Nc3 Rd4 46. Nxb5 Rxf4 47. Kg3 Ne3 48. fxe3 Ra4 49. Kf3 h5 50. gxh5 gxh5 51. Nd4 Ng6 52. Kg3 Ra3 53. Rf2+ Ke7 54. Nf5+ Kf6 55. Nd4+ Ke7 56. Re2 Kf6 57. Nf3 Kf5 58. Kf2 Ra4 59. Rb2 Nxh4 60. Rb5+ Kf6 61. Nxh4 Rxh4 62. Ra5 Rh1 63. a4 h4 64. Ra6+ Kf7 65. Ra7+ Kg6 66. a5 h3 67. Ra8 h2 68. Kg2 Re1 69. Kxh2 Rxe3 70. a6 Kg7 71. Kg2 Re6 72. Kf3 Rf6+ 73. Ke4 Re6+ 74. Kd5 Rf6 75. Kc4 Rb6 76. Kc5 Rf6 77. Kb5 Rf5+ 1/2-1/2

[Event "FRG Ch 15th"]
[Site "Bad Neuenahr GER"]
[Date "1978.??.??"]
[Round "7"]
[White "Pachman, Ludek"]
[Black "Huisl, Wolfgang"]
[Result "1/2-1/2"]
[WhiteElo "2515"]
[BlackElo "2380"]
[PlyCount "47"]
[EventDate "1978.04.??"]
[Source "www.chesslib.no"]
[SourceDate "2004.05.04"]

1. d4 Nf6 2. c4 g6 3. Nc3 d5 4. Qb3 dxc4 5. Qxc4 Bg7 6. e4 O-O 7. Nf3 Bg4 8. Be3 Nfd7 9. Rd1 Nb6 10. Qb3 Nc6 11. d5 Ne5 12. Be2 Nxf3+ 13. gxf3 Bh5 14. Rg1 Qb8 15. f4 Bxe2 16. Kxe2 c6 17. h4 cxd5 18. Nxd5 Nxd5 19. Rxd5 Rd8 20. h5 Rxd5 21. Qxd5 e6 22. Qb3 Qd6 23. hxg6 hxg6 24. Rc1 1/2-1/2

[Event "Vrnjacka Banja"]
[Site "Vrnjacka Banja"]
[Date "1982.??.??"]
[Round "13"]
[White "Rajkovic, Dusan"]
[Black "Rogulj, Branko"]
[Result "1/2-1/2"]
[WhiteElo "2460"]
[BlackElo "2435"]
[PlyCount "27"]
[EventDate "1982.04.??"]
[Source "ChessBase"]

1. d4 Nf6 2. c4 g6 3. Nc3 d5 4. Nf3 Bg7 5. Qa4+ Bd7 6. Qb3 dxc4 7. Qxc4 O-O 8. e4 Bg4 9. Be3 Nfd7 10. Qb3 Nb6 11. Rd1 Nc6 12. d5 Ne5 13. Be2 Nxf3+ 14. gxf3 1/2-1/2